[Event "Titled Tue 17th Jun Early"]
[Site "chess.com INT"]
[Date "2025.06.17"]
[Round "10"]
[White "Fernandez Garcia, Gumersindo"]
[Black "Montejo Bello, Lorena Beatriz"]
[Result "1-0"]
[WhiteTitle "CM"]
[BlackTitle "WFM"]
[WhiteElo "2197"]
[BlackElo "2090"]
[WhiteFideId "24516740"]
[BlackFideId "3529045"]
[EventDate "2025.06.17"]

1. e4 e5 2. Nf3 Nc6 3. d4 exd4 4. Bc4 Nf6 5. O-O Nxe4 6. Re1 d5 7. Bxd5 Qxd5 8.
Nc3 Qh5 9. Nxe4 Be6 10. Neg5 O-O-O 11. Nxe6 fxe6 12. Rxe6 Bd6 13. Qd3 Rdf8 14.
h3 h6 15. Bd2 g5 16. Rae1 g4 17. hxg4 Qxg4 18. Qe4 Qh5 19. Qg6 Qxg6 20. Rxg6
Rhg8 21. Rxg8 Rxg8 22. Bxh6 Nb4 23. Nxd4 c5 24. a3 cxd4 25. axb4 Bxb4 26. Re4
Bc5 27. g4 a5 28. Kf1 a4 29. f3 Kc7 30. Bf4+ Kc6 31. Ke2 b5 32. Kd3 Rh8 33. Re6+
Kd5 34. Re5+ Kc6 35. g5 Rh3 36. Ke4 b4 37. g6 Rh8 38. Re6+ Kb5 39. Bc1 Kc4 40.
f4 b3 41. cxb3+ axb3 42. f5 d3 43. g7 Rh4+ 44. Kf3 Rh3+ 45. Kg2 1-0

[Event "Titled Tue 17th Jun Early"]
[Site "chess.com INT"]
[Date "2025.06.17"]
[Round "10"]
[White "Rathbone-Jones, Ifan"]
[Black "Purushothaman, Thirumalai"]
[Result "1-0"]
[WhiteTitle "CM"]
[BlackTitle "FM"]
[WhiteElo "2208"]
[BlackElo "2027"]
[WhiteFideId "1803859"]
[BlackFideId "5012791"]
[EventDate "2025.06.17"]

1. d4 d5 2. Bf4 Nf6 3. Nf3 c5 4. e3 Nc6 5. c3 Qb6 6. Qc2 g6 7. Nbd2 Bf5 8. dxc5
Qxc5 9. Bd3 Bxd3 10. Qxd3 Bg7 11. O-O O-O 12. a4 Rfe8 13. b4 Qb6 14. a5 Qd8 15.
Bg5 e5 16. Qb5 Qd7 17. Rad1 a6 18. Qa4 Qf5 19. Bxf6 Bxf6 20. Rfe1 Rac8 21. Nf1
Na7 22. Rxd5 Nb5 23. Rc1 Qe6 24. Rc5 Rxc5 25. bxc5 Rc8 26. c4 Na7 27. Qb4 Nc6
28. Qb6 Qd7 29. Ng3 Bd8 30. Qb1 Bxa5 31. Ne4 f5 32. Nf6+ 1-0

[Event "Titled Tue 17th Jun Early"]
[Site "chess.com INT"]
[Date "2025.06.17"]
[Round "10"]
[White "Smirnov, Mark"]
[Black "Shermuhammadov, Samandar"]
[Result "0-1"]
[WhiteTitle "FM"]
[BlackTitle "FM"]
[WhiteElo "2352"]
[BlackElo "2110"]
[WhiteFideId "13764594"]
[BlackFideId "14205602"]
[EventDate "2025.06.17"]

1. e4 d6 2. Nc3 Nf6 3. g3 g6 4. Bg2 Bg7 5. Nge2 O-O 6. d4 Nc6 7. h3 e5 8. Be3
Re8 9. O-O Bd7 10. d5 Ne7 11. g4 Rf8 12. Ng3 Ne8 13. Qd2 f5 14. exf5 gxf5 15.
gxf5 Nxf5 16. Bg5 Qc8 17. Nh5 Nd4 18. f4 Bxh3 19. fxe5 Qg4 20. Nxg7 Nxg7 21. Bf6
dxe5 22. Rf2 Bxg2 23. Rxg2 Nf3+ 24. Kh1 Qh3+ 25. Rh2 Nxh2 26. Qxh2 Qxh2+ 27.
Kxh2 Rxf6 28. Ne4 Rg6 29. Rf1 Rf8 30. Rxf8+ Kxf8 31. Nc5 b6 32. Nd7+ Ke7 33.
Nxe5 Rg5 34. Nc6+ Kd6 35. c4 a5 36. b3 Nf5 37. Nd8 Rg7 38. Ne6 Re7 39. Ng5 Re2+
40. Kh3 Rxa2 41. Ne4+ Ke5 42. Nc3 Ra3 43. Nb5 Rxb3+ 44. Kg4 Rxb5 45. cxb5 Ne3+
46. Kg5 Nxd5 47. Kh6 a4 48. Kg7 a3 49. Kh6 a2 50. Kg5 a1=Q 51. Kh6 Qg1 52. Kh5
Nf6+ 53. Kh4 Qg4# 0-1

[Event "Titled Tue 17th Jun Early"]
[Site "chess.com INT"]
[Date "2025.06.17"]
[Round "10"]
[White "Tulendinov, Dinmukhammed"]
[Black "Starozhilov, Leonid"]
[Result "0-1"]
[WhiteTitle "FM"]
[BlackTitle "FM"]
[WhiteElo "2104"]
[BlackElo "2240"]
[WhiteFideId "13730860"]
[BlackFideId "14106752"]
[EventDate "2025.06.17"]

1. e4 g6 2. Nc3 Bg7 3. g3 c5 4. Bg2 Nc6 5. Nge2 e5 6. O-O Nge7 7. d3 d6 8. Bg5
h6 9. Be3 O-O 10. Qd2 Kh7 11. f4 f5 12. h3 Nd4 13. Kh2 Be6 14. Rae1 Qd7 15. Bg1
Rae8 16. b3 b6 17. Nd1 Nxe2 18. Rxe2 exf4 19. gxf4 d5 20. e5 d4 21. Kh1 Bd5 22.
Rfe1 Bxg2+ 23. Rxg2 Nd5 24. c4 Nc7 25. Bf2 Ne6 26. Bg1 g5 27. Bh2 Qc6 28. Nf2
Rg8 29. Nd1 gxf4 30. Kg1 Ng5 31. h4 Nf3+ 0-1

[Event "Titled Tue 17th Jun Early"]
[Site "chess.com INT"]
[Date "2025.06.17"]
[Round "10"]
[White "Logozar, Elijah"]
[Black "Moldagali, Beksultan"]
[Result "0-1"]
[BlackTitle "FM"]
[WhiteElo "1928"]
[BlackElo "2397"]
[WhiteFideId "30963788"]
[BlackFideId "13734768"]
[EventDate "2025.06.17"]

1. e4 d5 2. exd5 Qxd5 3. Nc3 Qa5 4. d4 Nf6 5. Bd2 Bf5 6. Bc4 c6 7. Nd5 Qd8 8.
Nxf6+ gxf6 9. Nf3 e6 10. O-O Nd7 11. Re1 Bg6 12. Nh4 Nb6 13. Qe2 Nxc4 14. Qxc4
Qd5 15. Qxd5 cxd5 16. Nxg6 hxg6 17. a3 Rc8 18. Rac1 Bd6 19. h3 Kd7 20. Bb4 Bf4
21. Rcd1 Rxc2 22. Bc3 Rc8 23. Rd3 Bd6 24. Rf3 f5 25. g4 Bxa3 26. gxf5 gxf5 27.
Ra1 Bxb2 28. Bxb2 Rxb2 29. Rxa7 Rc4 30. Rf4 Ke7 31. h4 Kf6 32. Ra3 Rd2 33. h5
Rdxd4 34. Rxd4 Rxd4 35. Rh3 Kg7 36. Kg2 Kh6 37. Rb3 Kxh5 38. Rxb7 Kg6 39. Kg3
Kf6 40. f4 Rd3+ 41. Kf2 Rh3 42. Rd7 Kg6 43. Rd8 Ra3 44. Re8 Ra4 45. Kf3 Re4 46.
Rd8 f6 47. Rd7 d4 48. Rd6 Kf7 49. Rd7+ Ke8 50. Rd6 Ke7 51. Ra6 e5 52. Ra7+ Kf8
53. fxe5 fxe5 54. Rb7 Re3+ 55. Kf2 f4 56. Ra7 d3 57. Ra6 Ke7 58. Rb6 e4 59. Ra6
Re2+ 60. Kf1 f3 61. Ra7+ Ke6 62. Ra6+ Ke5 63. Ra5+ Kf4 64. Ra4 d2 65. Ra1 Re1+
66. Rxe1 dxe1=Q+ 67. Kxe1 Kg3 68. Kf1 e3 69. Ke1 f2+ 70. Kf1 e2+ 71. Kxe2 Kg2
72. Ke3 f1=Q 73. Ke4 Qf3+ 74. Ke5 Qg4 75. Kd5 Qf4 76. Ke6 Qg5 77. Kd6 Qf5 78.
Ke7 Qg6 79. Kd7 Qf6 80. Ke8 Qg7 81. Kd8 Qf7 82. Kc8 Qe7 83. Kb8 Qd7 84. Ka8 Kf3
85. Kb8 Ke4 86. Ka8 Kd5 87. Kb8 Kc6 88. Ka8 Qb7# 0-1

[Event "Titled Tue 17th Jun Early"]
[Site "chess.com INT"]
[Date "2025.06.17"]
[Round "10"]
[White "Begunov, Konstantin"]
[Black "Dann, Matthias"]
[Result "0-1"]
[WhiteTitle "FM"]
[BlackTitle "IM"]
[WhiteElo "2325"]
[BlackElo "2446"]
[WhiteFideId "4118510"]
[BlackFideId "24638056"]
[EventDate "2025.06.17"]

1. d4 Nf6 2. c4 e6 3. Nf3 Bb4+ 4. Nbd2 a5 5. g3 b6 6. Bg2 Bb7 7. O-O O-O 8. b3
a4 9. Bb2 a3 10. Bc1 d5 11. cxd5 exd5 12. Ne5 c5 13. Ndf3 Ne4 14. Be3 Nd7 15.
Rc1 Nxe5 16. Nxe5 Qe7 17. Nd3 Rac8 18. dxc5 bxc5 19. Nxb4 cxb4 20. Qd4 Nc3 21.
Rc2 Nb5 22. Qd2 Rxc2 23. Qxc2 d4 24. Bxb7 Qxb7 25. Bf4 Nc3 26. e3 Re8 27. exd4
Ne2+ 28. Qxe2 Rxe2 29. Rc1 h6 0-1

[Event "Titled Tue 17th Jun Early"]
[Site "chess.com INT"]
[Date "2025.06.17"]
[Round "10"]
[White "Hnatyshyn, Anastasiia"]
[Black "Aakash Sharadchandra, Dalvi"]
[Result "1-0"]
[WhiteTitle "WFM"]
[BlackTitle "FM"]
[WhiteElo "2233"]
[BlackElo "2396"]
[WhiteFideId "14198339"]
[BlackFideId "25033220"]
[EventDate "2025.06.17"]

1. Nc3 d5 2. e4 dxe4 3. Nxe4 e5 4. Nf3 Nf6 5. Nxf6+ Qxf6 6. Bc4 Bc5 7. Qe2 Nc6
8. d3 O-O 9. c3 Bg4 10. Be3 Bxe3 11. Qxe3 Bxf3 12. gxf3 g6 13. h4 h5 14. O-O-O
Ne7 15. Rde1 Nc6 16. Rhg1 Rfe8 17. Rg5 Kh7 18. Kc2 Rad8 19. Qe4 Kh8 20. b4 a6
21. a4 Rd7 22. f4 Rde7 23. f5 Rg8 24. Reg1 Rg7 25. fxg6 Qxf2+ 26. Kb3 fxg6 27.
Rxg6 Qf4 28. Qxf4 exf4 29. Rh6+ Rh7 30. Rg8# 1-0

[Event "Titled Tue 17th Jun Early"]
[Site "chess.com INT"]
[Date "2025.06.17"]
[Round "10"]
[White "Alonso Rosell, Alvar"]
[Black "Masague Artero, Guerau"]
[Result "1-0"]
[WhiteTitle "GM"]
[BlackTitle "FM"]
[WhiteElo "2536"]
[BlackElo "2326"]
[WhiteFideId "2270544"]
[BlackFideId "32098952"]
[EventDate "2025.06.17"]

1. d4 d5 2. c4 e6 3. Nf3 Nf6 4. g3 dxc4 5. Bg2 Nc6 6. Qa4 Bb4+ 7. Bd2 Bd6 8. Na3
Bxa3 9. Qxa3 Ne4 10. Rc1 Qd6 11. Qa4 Nxd2 12. Nxd2 Bd7 13. Qxc4 O-O 14. e3 Rfc8
15. O-O Rab8 16. Ne4 Qb4 17. Qe2 Ne7 18. a3 Qb6 19. Rfe1 Bc6 20. Nc5 Bxg2 21.
Kxg2 Rd8 22. Red1 c6 23. h4 h6 24. Rc3 Qc7 25. Rb3 e5 26. dxe5 Rxd1 27. Qxd1
Qxe5 28. Nd7 Qe4+ 29. f3 1-0

[Event "Titled Tue 17th Jun Early"]
[Site "chess.com INT"]
[Date "2025.06.17"]
[Round "10"]
[White "Buscar, Michael"]
[Black "Yelisieiev, Yevhenii"]
[Result "1-0"]
[BlackTitle "IM"]
[WhiteElo "2016"]
[BlackElo "2412"]
[WhiteFideId "2603616"]
[BlackFideId "14139642"]
[EventDate "2025.06.17"]

1. d4 d5 2. c4 e6 3. Nc3 Nf6 4. Nf3 Bb4 5. Bg5 dxc4 6. e3 b5 7. a4 c6 8. Be2 Bb7
9. O-O a6 10. Ne5 Nbd7 11. Bf3 Nxe5 12. dxe5 Qxd1 13. Rfxd1 Nd5 14. Ne4 h6 15.
Bh4 O-O 16. Nd6 Bxd6 17. exd6 f6 18. e4 Nb6 19. e5 Nxa4 20. exf6 gxf6 21. Bg4
Kf7 22. Bh5+ Kg7 23. d7 c5 24. Rd6 Rad8 25. Re1 e5 26. Re3 Nxb2 27. Rg3+ Kh7 28.
Bg6+ Kg7 29. Be8+ Kh7 30. Rxf6 1-0

[Event "Titled Tue 17th Jun Early"]
[Site "chess.com INT"]
[Date "2025.06.17"]
[Round "10"]
[White "Lisenkov, Svyatoslav"]
[Black "Cahaya, Satria Duta"]
[Result "0-1"]
[WhiteTitle "CM"]
[BlackTitle "FM"]
[WhiteElo "2283"]
[BlackElo "2386"]
[WhiteFideId "34264183"]
[BlackFideId "7124252"]
[EventDate "2025.06.17"]

1. e4 e5 2. Nf3 Nc6 3. g3 Nf6 4. d3 d5 5. exd5 Nxd5 6. Bg2 Bd6 7. O-O O-O 8. Re1
Re8 9. Nbd2 Bf8 10. Nc4 f6 11. c3 Be6 12. a4 a5 13. Nfd2 Qd7 14. Ne4 Rad8 15.
Qc2 Qf7 16. Bd2 Rd7 17. Rad1 Red8 18. Bc1 Ndb4 19. cxb4 Nxb4 20. Qe2 Nxd3 21.
Rxd3 Rxd3 22. Ng5 Qd7 23. Be4 Rd1 24. Bxh7+ Kh8 25. Nxe6 Rxe1+ 26. Qxe1 Qxe6 27.
Qe2 Kxh7 28. Nxa5 Qd5 29. Nc4 Qd1+ 30. Qf1 Qxf1+ 31. Kxf1 Rd1+ 32. Ke2 Rxc1 33.
Ne3 Ra1 34. Kd2 Bb4+ 35. Kc2 Bc5 36. Kb3 Bxe3 37. fxe3 Rh1 38. Kc4 Rxh2 39. b4
Ra2 40. b5 Ra3 41. Kb4 Rxe3 42. a5 Re1 43. Kc5 Ra1 0-1

[Event "Titled Tue 17th Jun Early"]
[Site "chess.com INT"]
[Date "2025.06.17"]
[Round "10"]
[White "Simonovic, Miroslav"]
[Black "Mikhalsky, Vladimir"]
[Result "1-0"]
[WhiteTitle "CM"]
[WhiteElo "2092"]
[BlackElo "2219"]
[WhiteFideId "919152"]
[BlackFideId "14144352"]
[EventDate "2025.06.17"]

1. d4 Nf6 2. Bg5 Ne4 3. h4 c5 4. dxc5 Qa5+ 5. Nd2 Nxg5 6. hxg5 Qxc5 7. Ngf3 Nc6
8. e4 g6 9. c3 h5 10. gxh6 Bxh6 11. Rh2 d5 12. Nb3 Qd6 13. Qxd5 Qc7 14. Bb5 Be6
15. Qc5 a6 16. Bxc6+ bxc6 17. Nbd4 Bd7 18. Ke2 Rb8 19. b4 a5 20. Rah1 Qf4 21.
Qe5 Qxe5 22. Nxe5 axb4 23. Rxh6 Rg8 24. cxb4 Rxb4 25. Ndxc6 Bxc6 26. Nxc6 Rxe4+
27. Kf3 Rc4 28. Rh8 Kf8 29. Rxg8+ Kxg8 30. Nxe7+ Kf8 31. Nd5 Ra4 32. Ra1 Ra3+
33. Ne3 f5 34. Ke2 Kf7 35. Nc2 Rc3 36. Kd2 Rc8 37. a4 Ke6 38. a5 Kd5 39. a6 Kc4
40. a7 Ra8 41. Ne3+ Kd4 42. Ke2 f4 43. Ng4 g5 44. Kf3 Kc5 45. Ne5 Kb6 46. Nf7 1-0

[Event "Titled Tue 17th Jun Early"]
[Site "chess.com INT"]
[Date "2025.06.17"]
[Round "10"]
[White "Asish Panda"]
[Black "Sarveshwaran V"]
[Result "1-0"]
[BlackTitle "CM"]
[WhiteElo "1911"]
[BlackElo "2290"]
[WhiteFideId "45012458"]
[BlackFideId "25699016"]
[EventDate "2025.06.17"]

1. e4 e6 2. Nf3 d5 3. Nc3 Nf6 4. e5 Nfd7 5. d4 c5 6. dxc5 Nc6 7. Bf4 Bxc5 8. Bd3
h6 9. h4 a6 10. h5 b5 11. Rh3 Qb6 12. Qe2 Nb4 13. Rg3 Nxd3+ 14. cxd3 Rh7 15. d4
Bxd4 16. Rg4 Bxc3+ 17. bxc3 Bb7 18. Qd3 Nf8 19. Nd4 O-O-O 20. Qg3 g5 21. hxg6
Nxg6 22. a4 b4 23. Rb1 h5 24. Rxb4 Qa5 25. Rxg6 fxg6 26. Nxe6 Re8 27. Qxg6 Rhe7
28. Nd4 Qc5 29. Kd2 a5 30. Rb5 Qa3 31. Qb6 Rc7 32. Rb3 Qa2+ 33. Ke3 Qxa4 34. Nb5
Rce7 35. Nd6+ 1-0

[Event "Titled Tue 17th Jun Early"]
[Site "chess.com INT"]
[Date "2025.06.17"]
[Round "10"]
[White "Tekeyev, Zaur"]
[Black "Odegov, Artem"]
[Result "1-0"]
[WhiteTitle "IM"]
[BlackTitle "FM"]
[WhiteElo "2407"]
[BlackElo "2244"]
[WhiteFideId "4199731"]
[BlackFideId "34183644"]
[EventDate "2025.06.17"]

1. Nf3 d5 2. g3 c5 3. Bg2 g6 4. O-O Bg7 5. c4 d4 6. e3 d3 7. Qb3 Nc6 8. Ne1 h5
9. Qxd3 Qc7 10. Nf3 Bf5 11. Qe2 O-O-O 12. d4 cxd4 13. exd4 Nxd4 14. Nxd4 Bxd4
15. Be3 h4 16. Nc3 Bxe3 17. Qxe3 hxg3 18. hxg3 Qa5 19. Rfd1 Nf6 20. Qxe7 Qb6 21.
c5 Rxd1+ 22. Rxd1 Qxb2 23. Qxf6 Re8 24. c6 b6 25. Qxf7 1-0

[Event "Titled Tue 17th Jun Early"]
[Site "chess.com INT"]
[Date "2025.06.17"]
[Round "10"]
[White "Medina, VInce Angelo"]
[Black "Preobrazhenskaya, Diana"]
[Result "1-0"]
[BlackTitle "WFM"]
[WhiteElo "2138"]
[BlackElo "2005"]
[WhiteFideId "5205069"]
[BlackFideId "34270566"]
[EventDate "2025.06.17"]

1. d4 Nf6 2. Nd2 d5 3. c4 e6 4. Ngf3 c5 5. cxd5 exd5 6. e3 Nc6 7. dxc5 Bxc5 8.
Nb3 Bd6 9. Be2 O-O 10. O-O Re8 11. Bd2 Ne4 12. Rc1 Bf5 13. Nbd4 Nxd4 14. Nxd4
Bg6 15. Bf3 Qb6 16. Bc3 Nxc3 17. bxc3 Rad8 18. Qb3 Qc7 19. g3 Be4 20. Bxe4 dxe4
21. c4 Bc5 22. Rfd1 Qe5 23. Ne2 b6 24. Rd5 Qf6 25. Nf4 Rxd5 26. Nxd5 Qe5 27. Qa4
Qb8 28. h4 h6 29. Qb5 Rd8 30. a4 Qb7 31. Rb1 Qc8 32. Kg2 Qf5 33. Kg1 Qe6 34. a5
Kh8 35. a6 Rc8 36. Rd1 f5 37. Nf4 Qg8 38. Qd7 Rf8 39. Ng6+ Kh7 40. Nxf8+ Qxf8
41. Rd5 Qb8 42. Qxf5+ Kh8 43. Qxe4 Qf8 44. Re5 1-0

[Event "Titled Tue 17th Jun Early"]
[Site "chess.com INT"]
[Date "2025.06.17"]
[Round "10"]
[White "Ai, Evan"]
[Black "Tuguldur, Soninbayar"]
[Result "0-1"]
[BlackTitle "CM"]
[WhiteElo "2188"]
[BlackElo "2120"]
[WhiteFideId "2094770"]
[BlackFideId "4921224"]
[EventDate "2025.06.17"]

1. e4 e6 2. d4 d5 3. Nc3 Nf6 4. e5 Nfd7 5. f4 c5 6. Nf3 Nc6 7. Be3 a6 8. Be2 b5
9. a3 Qb6 10. Qd2 b4 11. Na4 Qa5 12. axb4 cxb4 13. O-O Qc7 14. c4 bxc3 15. bxc3
Be7 16. c4 dxc4 17. Bxc4 Ncxe5 18. Nxe5 Nxe5 19. dxe5 Qxc4 20. Nb6 Qe4 21. Nxa8
Qxa8 22. Rfc1 O-O 23. Rc7 Bd8 24. Ra7 Qb8 25. Qf2 Qb5 26. h3 Bb7 27. Rd1 Bc6 28.
Qf1 Qb3 29. Bc5 Re8 30. Qd3 Qb2 31. Qd2 Qb5 32. Be3 Ba5 33. Qc2 Bd5 34. Rb1 Bb4
35. Kh2 a5 36. Qc7 Rf8 37. Rc1 Qe2 38. Qc2 Qxe3 39. Rd7 Qxf4+ 40. Kh1 Bd2 41.
Rd1 Be3 42. Qe2 Qg3 43. Rd3 Qxh3# 0-1

[Event "Titled Tue 17th Jun Early"]
[Site "chess.com INT"]
[Date "2025.06.17"]
[Round "10"]
[White "Mayaud, Raphael"]
[Black "Cramling Bellon, Anna"]
[Result "0-1"]
[WhiteTitle "CM"]
[BlackTitle "WFM"]
[WhiteElo "2126"]
[BlackElo "2046"]
[WhiteFideId "627151"]
[BlackFideId "32009232"]
[EventDate "2025.06.17"]

1. d4 d5 2. Nf3 e6 3. c4 Nf6 4. g3 dxc4 5. Bg2 Bb4+ 6. Bd2 a5 7. O-O O-O 8. Bf4
c6 9. a4 Nd5 10. Bc1 b5 11. Na3 Bd7 12. Ne5 c3 13. Qb3 bxa4 14. Qxa4 c5 15. Nxd7
Nxd7 16. dxc5 Nxc5 17. Qc2 cxb2 18. Bxb2 Rc8 19. Rfd1 Qg5 20. Nc4 a4 21. e4 Nf6
22. f4 Qh6 23. Qe2 Rfd8 24. Nd6 Rb8 25. e5 Ne8 26. Ba3 Nb3 27. Ra2 Ba5 28. h3
Bb6+ 29. Kh2 Nd4 30. Qc4 Nxd6 31. Bxd6 Rbc8 32. Qd3 Nf5 33. Rxa4 Bf2 34. g4
Qxf4+ 35. Kh1 Ng3+ 36. Kh2 Nf1+ 37. Kh1 Qh2# 0-1

[Event "Titled Tue 17th Jun Early"]
[Site "chess.com INT"]
[Date "2025.06.17"]
[Round "10"]
[White "Sharapov, Yevhen"]
[Black "Baturin-Vinogradov, Miroslav"]
[Result "0-1"]
[WhiteTitle "GM"]
[BlackTitle "CM"]
[WhiteElo "2375"]
[BlackElo "2046"]
[WhiteFideId "14103133"]
[BlackFideId "55745741"]
[EventDate "2025.06.17"]

1. c4 e5 2. Nc3 Nf6 3. Nf3 Nc6 4. g3 Bb4 5. Bg2 Bxc3 6. bxc3 O-O 7. O-O d6 8. d3
e4 9. Nd4 Ne5 10. Bg5 exd3 11. exd3 h6 12. Bf4 Bg4 13. f3 Bd7 14. Re1 Re8 15. c5
Ng6 16. Rxe8+ Qxe8 17. Bd2 dxc5 18. Nb3 b6 19. Qf1 Bc6 20. Re1 Qd7 21. d4 cxd4
22. Nxd4 Bb7 23. Bc1 c5 24. Ne2 Ba6 25. Qf2 Re8 26. Nf4 Nxf4 27. Rxe8+ Qxe8 28.
Bxf4 Nd5 29. Bd2 Qa4 30. Qe1 Qxa2 31. f4 Nf6 32. g4 Qe6 33. Qa1 Bd3 34. Qxa7
Nxg4 35. Qa8+ Kh7 36. Qf3 c4 37. h3 Nf6 38. Qe3 Qd6 39. Qe5 Qa3 40. Kh2 Qb2 41.
Qe3 b5 42. h4 Ng4+ 0-1

[Event "Titled Tue 17th Jun Early"]
[Site "chess.com INT"]
[Date "2025.06.17"]
[Round "10"]
[White "Gogolev, Artem"]
[Black "Kovalchuk, Alexey"]
[Result "1-0"]
[WhiteTitle "IM"]
[BlackTitle "FM"]
[WhiteElo "2240"]
[BlackElo "2304"]
[WhiteFideId "4116615"]
[BlackFideId "24154385"]
[EventDate "2025.06.17"]

1. d4 d5 2. c4 e6 3. Nf3 a6 4. g3 dxc4 5. Bg2 Nc6 6. O-O Rb8 7. a4 Nf6 8. Nc3
Be7 9. a5 O-O 10. Be3 Bb4 11. Ne5 Nxe5 12. dxe5 Nd7 13. Ra4 c5 14. Ne4 Bxa5 15.
Nxc5 b5 16. Nxd7 bxa4 17. Nxb8 Qc7 18. Nc6 Bb7 19. Qxa4 Bb6 20. Bxb6 Qxb6 21.
Qa5 Qxb2 22. Qc5 c3 23. Ne7+ Kh8 24. Ng6+ hxg6 25. Qxf8+ Kh7 26. Bxb7 Qxb7 27.
Qa3 c2 28. Qd3 Qb2 29. Qd2 a5 30. Rc1 a4 31. Qxc2 Qxe5 32. Qd3 1-0

[Event "Titled Tue 17th Jun Early"]
[Site "chess.com INT"]
[Date "2025.06.17"]
[Round "10"]
[White "Aalto, Patrik"]
[Black "Mikhailova, Irina"]
[Result "1/2-1/2"]
[WhiteTitle "FM"]
[BlackTitle "WGM"]
[WhiteElo "2316"]
[BlackElo "2143"]
[WhiteFideId "510726"]
[BlackFideId "4109040"]
[EventDate "2025.06.17"]

1. c4 Nf6 2. Nf3 g6 3. g3 Bg7 4. Bg2 O-O 5. d4 c6 6. O-O d5 7. b3 Bf5 8. Bb2 Ne4
9. Nbd2 Nxd2 10. Qxd2 Be4 11. e3 Nd7 12. Rac1 e6 13. Rfd1 Rc8 14. Qe2 a6 15. Nd2
Bxg2 16. Kxg2 Re8 17. Nf3 b5 18. cxd5 cxd5 19. Rxc8 Qxc8 20. Rc1 Qb7 21. Qc2 Bf8
22. Qc6 Rb8 23. h4 Be7 24. h5 Kf8 25. a3 Qxc6 26. Rxc6 a5 27. hxg6 hxg6 28. Bc3
b4 29. axb4 Bxb4 30. Bxb4+ Rxb4 31. Ra6 Rxb3 32. Rxa5 Rb7 33. Ra8+ Kg7 34. Rd8
Nb6 35. Ne5 Rc7 36. Kf3 Nc4 37. Nd3 Nd2+ 38. Kg2 Ne4 39. Rb8 Nd6 40. Rb2 Ne4 41.
Ne5 Nd6 42. f3 Nc4 43. Nxc4 Rxc4 44. Kf2 g5 45. g4 Rc3 46. Ke2 Rc1 47. Kd3 Rd1+
48. Ke2 Rh1 49. Rb7 Rh2+ 50. Kd3 Rh3 51. Ke2 Rh2+ 52. Kd3 Rh3 53. Ke2 Rh2+ 1/2-1/2

[Event "Titled Tue 17th Jun Early"]
[Site "chess.com INT"]
[Date "2025.06.17"]
[Round "10"]
[White "Sadubayev, Airat"]
[Black "Iniyan, Pa"]
[Result "0-1"]
[WhiteTitle "FM"]
[BlackTitle "GM"]
[WhiteElo "2211"]
[BlackElo "2573"]
[WhiteFideId "13713264"]
[BlackFideId "25002767"]
[EventDate "2025.06.17"]

1. d4 Nf6 2. c4 g6 3. Nc3 Bg7 4. e4 d6 5. h3 O-O 6. Be3 Nbd7 7. Nf3 e5 8. d5 Nh5
9. g3 f5 10. exf5 gxf5 11. Nh4 Nf4 12. Qc2 Nc5 13. O-O-O Ng6 14. Ng2 a5 15. Be2
Na6 16. f4 Qf6 17. a3 c5 18. Rdf1 Bd7 19. g4 exf4 20. Nxf4 Qe5 21. Bd2 Nb4 22.
axb4 axb4 23. Nb1 Ra2 24. Nc3 bxc3 25. Bxc3 Qe3+ 26. Qd2 Ra1+ 27. Kc2 Ba4+ 28.
b3 Ra2+ 29. Kc1 Rxd2 0-1

[Event "Titled Tue 17th Jun Early"]
[Site "chess.com INT"]
[Date "2025.06.17"]
[Round "10"]
[White "Carrasco Miranda, Andres"]
[Black "Lorans, Sylvain"]
[Result "1/2-1/2"]
[WhiteTitle "CM"]
[BlackTitle "CM"]
[WhiteElo "2211"]
[BlackElo "2155"]
[WhiteFideId "3405990"]
[BlackFideId "605794"]
[EventDate "2025.06.17"]

1. Nf3 d5 2. g3 Nc6 3. d4 Bf5 4. Bg2 Nb4 5. Na3 e6 6. O-O Be7 7. Ne5 f6 8. Nd3
Nxd3 9. cxd3 Bg6 10. e4 c6 11. f4 f5 12. g4 Qb6 13. Be3 Qxb2 14. gxf5 exf5 15.
Nc2 fxe4 16. dxe4 Bxe4 17. Bxe4 dxe4 18. Rb1 Qc3 19. Rxb7 Nf6 20. Qe2 Rd8 21.
Rfb1 Nd5 22. Qh5+ g6 23. Qe5 O-O 24. Rxe7 Nxe7 25. Qxe7 Qxc2 26. Rb7 Qd1+ 27.
Kg2 Qf3+ 28. Kg1 Qxe3+ 29. Kg2 Qf3+ 30. Kg1 Qe3+ 31. Kg2 Qf3+ 32. Kg1 Qg4+ 33.
Kh1 Qf3+ 34. Kg1 1/2-1/2

[Event "Titled Tue 17th Jun Early"]
[Site "chess.com INT"]
[Date "2025.06.17"]
[Round "10"]
[White "Berikkyzy Alanna"]
[Black "Roebers, Jan"]
[Result "1-0"]
[WhiteTitle "WFM"]
[BlackTitle "FM"]
[WhiteElo "2080"]
[BlackElo "2056"]
[WhiteFideId "13780719"]
[BlackFideId "1007815"]
[EventDate "2025.06.17"]

1. e4 d6 2. d4 Nf6 3. Nc3 g6 4. Be3 Bg7 5. Qd2 O-O 6. O-O-O c6 7. f3 Qa5 8. g4
b5 9. Kb1 b4 10. Nce2 Be6 11. Nc1 Nbd7 12. g5 Nh5 13. f4 Bg4 14. Be2 Bxe2 15.
Ngxe2 c5 16. Ng3 cxd4 17. Bxd4 Bxd4 18. Nxh5 Bh8 19. Ng3 Nc5 20. h4 Na4 21. Nd3
Nc3+ 22. bxc3 bxc3 23. Qe3 Rab8+ 24. Ka1 Rb5 25. Rb1 Rfb8 26. Rxb5 Qxb5 27. e5
Rb6 28. Qd4 Qc6 29. Rb1 Ra6 30. Rb8+ Kg7 31. exd6+ f6 32. gxf6+ exf6 33. d7 Qg2
34. d8=Q 1-0

[Event "Titled Tue 17th Jun Early"]
[Site "chess.com INT"]
[Date "2025.06.17"]
[Round "10"]
[White "Kurmangaliyeva, Liya"]
[Black "Cuellar Montes, Alejandro"]
[Result "1/2-1/2"]
[WhiteTitle "FM"]
[BlackTitle "CM"]
[WhiteElo "2276"]
[BlackElo "2173"]
[WhiteFideId "13725831"]
[BlackFideId "32096836"]
[EventDate "2025.06.17"]

1. d4 Nf6 2. c4 e6 3. Nf3 d5 4. g3 Be7 5. Bg2 O-O 6. O-O dxc4 7. Qc2 b5 8. a4 c6
9. Ne5 Qxd4 10. Bf4 Nd5 11. Rd1 Qb6 12. b3 cxb3 13. Qxb3 Bb7 14. a5 Qa6 15. Nc3
Nxc3 16. Qxc3 c5 17. Bh3 Bd5 18. Qc2 Nc6 19. e4 Nb4 20. Qe2 Bc6 21. Be3 c4 22.
Bd4 Rad8 23. Bb2 Bf6 24. Nxc6 Qxc6 25. Bxf6 gxf6 26. Qg4+ Kh8 27. Qh4 Rxd1+ 28.
Rxd1 Nd3 29. Qxf6+ Kg8 30. Qg5+ Kh8 31. Qf6+ Kg8 32. Qg5+ Kh8 33. Qf6+ 1/2-1/2